00441nam a2200157Ia 4500008004100000020001800041082001400059100001600073245007000089250000900159260004200168300002400210500001900234600001500253650001500268240925s9999 xx 000 0 und d a9789332586703 a658.5 HEI aHeizer, JAY 0aOperations Management: sustainability and supply chain management a12th aNew Delhi:bPearson Educationc,2018. a492p.bNAfOriginal aIncludes Index aManagement aManagement